UBT Library

Obstetrics and gynecology: (Record no. 1807)

000 -LEADER
fixed length control field 00361nam a22001337a 4500
008 - FIXED-LENGTH DATA ELEMENTS--GENERAL INFORMATION
fixed length control field 160505b xxu||||| |||| 00| 0 eng d
020 ## - INTERNATIONAL STANDARD BOOK NUMBER
International Standard Book Number 9780781788076
020 ## - INTERNATIONAL STANDARD BOOK NUMBER
International Standard Book Number 0781788072
020 ## - INTERNATIONAL STANDARD BOOK NUMBER
International Standard Book Number 9780781788076
041 ## - LANGUAGE CODE
Language code of text/sound track or separate title eng
080 ## - UNIVERSAL DECIMAL CLASSIFICATION NUMBER
Universal Decimal Classification number 618
245 ## - TITLE STATEMENT
Title Obstetrics and gynecology:
Statement of responsibility, etc Charles R. B.Beckmann; Frank W. Ling; Barbara M. Barzansky;
942 ## - ADDED ENTRY ELEMENTS (KOHA)
Source of classification or shelving scheme
Item type Books
Holdings
Withdrawn status Lost status Source of classification or shelving scheme Damaged status Not for loan Collection code Permanent location Current location Shelving location Date acquired Total Checkouts Full call number Barcode Date last seen Price effective from Koha item type
          Koleksioni i përgjithshem UBT - Lipjan UBT - Lipjan Koleksioni i përgjithshem 05/05/2016   618 BEC 002-028243 05/05/2016 05/05/2016 Books
UBT Library © 2015-2024. All rights reserved University Education for Business and Technology